000 00305nam a2200121Ia 4500
008 220204s9999 xx 000 0 und d
082 _a631.544.72:635.11.8
_bROW
100 _aROWE-DUTTON, Patricia
245 0 _aMulching of vegetables
260 _aEngland
_bCAB
_c1957
650 _aMulching
942 _cBK
999 _c19558
_d19558